000
00292nam a22001097a 4500
999
_c
4150
_d
4150
008
250122b ||||| |||| 00| 0 eng d
020
_a
9781508149880
082
_a
972 MAH
100
_a
IAN MAHANEY
_e
MAHANEY,IAN
245
_a
LIFE AMONG THE MAYA
942
_2
ddc
_h
972 MAH